[Event "Titled Tue 21st Mar Late"]
[Site "chess.com INT"]
[Date "2023.03.21"]
[Round "8"]
[White "Svane, R."]
[Black "Steinberg, N."]
[Result "1-0"]
[WhiteElo "2620"]
[BlackElo "2546"]
[PlyCount "97"]
[EventDate "2023.03.21"]

1. Nf3 d5 2. g3 Nf6 3. Bg2 g6 4. O-O Bg7 5. c4 c6 6. Qb3 O-O 7. d4 dxc4 8. Qxc4 Nbd7 9. Qc2 Nb6 10. e4 Bg4 ({RR} 10... h6 11. Nc3 Bg4 12. Be3 Nc4 13. Rad1 Nxe3 14. fxe3 Qb6 15. h3 Bxf3 16. Rxf3 Rad8 17. e5 Nd5 18. e6 f5 19. Kh1 Nxc3 20. bxc3 c5 21. d5 Qa5 22. c4 Qc3 23. Qe2 Qe5 24. a4 b6 25. Rdf1 {Svane,R (2619)-Fernandez Guillen,E (2462) chess.com INT 2022 1-0 (89)}) 11. Be3 Qc8 12. Nc3 ({RR} 12. a4 a5 13. Nbd2 Bh3 14. b4 Bxg2 15. Kxg2 axb4 16. Rfb1 Ng4 17. Rxb4 Nxe3+ 18. fxe3 Nd7 19. Rab1 Rb8 20. e5 e6 21. Ne4 Qc7 22. a5 b6 23. Rc4 b5 24. Rxc6 Qxa5 25. Nd6 b4 26. Rb3 h6 {Tulegenov,A (2030)-Tanikin,I (1926) Almaty KAZ 2025 ½-½ (44)}) 12... Bh3 13. Rad1 $146 ({RR} 13. Rfd1 Nc4 14. Bf4 Bxg2 15. Kxg2 Nh5 16. Bg5 f6 17. Qe2 Nxb2 18. Qxb2 fxg5 19. Nxg5 Qg4 20. Nh3 Rf7 21. Qe2 Qd7 22. Ng5 Raf8 23. Nxf7 Rxf7 24. e5 Qf5 25. Ne4 Bh6 26. Rd3 Qd7 27. Nc3 Rf4 {Svane,R (2625)-Goltsev,D (2282) Chess.com INT 2021 1-0 (33)}) 13... Bxg2 14. Kxg2 Rd8 15. h3 Ne8 16. Bg5 Qc7 17. Bf4 Qc8 18. Rfe1 Nc7 19. h4 Ne6 20. Be3 Nc4 21. Bc1 Nb6 22. Ne2 a5 23. h5 a4 24. Be3 Nd7 25. hxg6 hxg6 26. Rh1 Nf6 27. Nc3 a3 28. b3 Ra5 29. e5 Nd5 30. Nxd5 cxd5 31. Qd2 Ra6 32. Bh6 Bh8 33. Bg5 Qd7 34. Rxh8+ Kxh8 35. Rh1+ Kg8 36. Bf6 exf6 37. Qh6 Nf4+ 38. Qxf4 g5 39. Qe3 Qf5 40. exf6 Rxf6 41. Nxg5 Rc8 42. Rh4 Rg6 43. Nf3 Re6 44. Ne5 Rc2 45. Rf4 Qg5 46. Qf3 f6 47. Rg4 Rxe5 48. dxe5 Rxa2 49. exf6 1-0

[Event "Chessable Masters Div 2 W"]
[Site "chess.com INT"]
[Date "2023.04.03"]
[Round "1.2"]
[White "Meier, Geo"]
[Black "Keymer, Vincent"]
[Result "1-0"]
[WhiteElo "2614"]
[BlackElo "2700"]
[PlyCount "55"]
[EventDate "2023.04.03"]

1. Nf3 Nf6 2. g3 c5 3. Bg2 Nc6 4. O-O e5 5. e4 Be7 6. c3 Nxe4 7. Re1 d5 8. d3 Nf6 9. Nxe5 Nxe5 10. Rxe5 O-O 11. Na3 $146 ({RR} 11. Nd2 Bd6 12. Re1 h6 13. Nf3 Re8 14. d4 Bg4 15. Be3 c4 16. Qc1 b5 17. Bf4 Bxf3 18. Rxe8+ Qxe8 19. Bxf3 Qe6 20. Qe3 Bxf4 21. Qxf4 a5 22. Qe5 Re8 23. Qxe6 fxe6 24. a3 Rb8 25. Kg2 b4 {Jumabayev,R (2658)-Erdos,V (2615) Dubai 2021 ½-½ (34)}) 11... Be6 12. Re1 Qd7 13. Bf4 Rfe8 14. Nc2 Bg4 15. Bf3 Bf5 16. Ne3 Be6 17. Be5 Rad8 18. d4 b6 19. a4 h6 20. h4 Nh7 21. Ng2 f6 22. Bc7 Qxc7 23. Rxe6 Nf8 24. Re3 cxd4 25. cxd4 g6 26. Qe2 Qd7 27. Re1 Kf7 28. Nf4 1-0

[Event "Titled Tue 28th Mar Early"]
[Site "chess.com INT"]
[Date "2023.03.28"]
[Round "2"]
[White "Sadhwani, Raunak"]
[Black "Aveskulov, V."]
[Result "1-0"]
[WhiteElo "2627"]
[BlackElo "2509"]
[PlyCount "155"]
[EventDate "2023.03.28"]

1. Nf3 Nf6 2. b3 c5 3. Bb2 e6 4. g3 b6 5. Bg2 Bb7 6. O-O Be7 7. c4 d5 8. cxd5 exd5 9. d4 O-O 10. Nc3 a6 ({RR} 10... Nc6 11. Rc1 Ne4 12. dxc5 Nxc3 13. Bxc3 bxc5 14. e3 Qb6 15. Rc2 Rfd8 16. Rd2 a5 17. Ne5 Nxe5 18. Bxe5 Qe6 19. Bc3 Bc6 20. Qb1 Bg5 21. Rc2 h5 22. Qd1 g6 23. Bb2 Be7 24. Ba3 Bb5 25. Re1 {Panno,O (2485)-Zarnicki,P (2540) Pena City 1996 0-1 (40)}) 11. Ne5 $146 ({RR} 11. e3 Ra7 12. Ne5 Nc6 13. Nxc6 Bxc6 14. Rc1 Qd7 15. Rc2 Rd8 16. dxc5 bxc5 17. Rd2 Qe6 18. Qa1 Bf8 19. Rfd1 Rad7 20. Ne2 Ne4 21. Nf4 Qh6 22. Rc2 f5 23. Nd3 d4 24. exd4 Ng5 25. Ne5 Bxg2 {Rama,L (2081)-Haxhimehmeti,V (2043) Prishtina KOS 2024 1-0 (35)}) 11... Nc6 12. e3 Nxe5 13. dxe5 Ne4 14. Nxe4 dxe4 15. Qg4 Qc8 16. e6 g6 17. Bxe4 f5 18. Bxb7 fxg4 19. Bxc8 Raxc8 20. Rfc1 Rc6 21. Rc4 h5 22. Re4 Rd8 23. Bc3 Rd3 24. Rc1 Kf8 25. Kg2 Bd8 26. h3 gxh3+ 27. Kxh3 Ke7 28. b4 Rxe6 29. Rc4 cxb4 30. Bxb4+ Kd7 31. g4 a5 32. Bc3 hxg4+ 33. Kxg4 Rd5 34. Bd4 Rg5+ 35. Kf3 Rd5 36. a4 b5 37. axb5 Rxb5 38. Rh1 Rf5+ 39. Ke2 Be7 40. Rb1 Bd8 41. Rb7+ Ke8 42. Rc8 Rd5 43. Bb6 Red6 44. Rbb8 a4 45. Ra8 Rxb6 46. Rxa4 Rb2+ 47. Kf3 Rdd2 48. Ke4 Rxf2 49. Rd4 Ke7 50. Rcxd8 Rb7 51. Rg8 Rf6 52. Rg7+ Rf7 53. Rxg6 Rd7 54. Ra4 Rf6 55. Rg7+ Rf7 56. Rg5 Rf6 57. Rg7+ Rf7 58. Rg4 Rf6 59. Rc4 Re6+ 60. Kf3 Rf6+ 61. Ke2 Re6 62. e4 Red6 63. Ke3 Rd1 64. Kf4 Kf7 65. Rc6 Re7 66. Ke3 Re1+ 67. Kf3 Rf1+ 68. Ke2 Ra1 69. Rh6 Ke8 70. Rh8+ Kd7 71. Rb8 Ra3 72. Rh4 Ke6 73. Rb6+ Ke5 74. Rb5+ Ke6 75. Rh6+ Kf7 76. Rh7+ Kf8 77. Rb8+ Re8 78. Rh8+ 1-0

[Event "Titled Tue 28th Mar Early"]
[Site "chess.com INT"]
[Date "2023.03.28"]
[Round "7"]
[White "Nakamura, Hi"]
[Black "Shimanov, A."]
[Result "1-0"]
[WhiteElo "2768"]
[BlackElo "2581"]
[PlyCount "85"]
[EventDate "2023.03.28"]

1. Nf3 Nf6 2. g3 d5 3. Bg2 Nbd7 4. d4 e6 5. b3 b6 6. O-O Bb7 7. c4 Be7 8. Nc3 O-O 9. Bb2 c5 10. cxd5 Nxd5 11. Na4 ({RR} 11. e3 Rc8 12. Rc1 N7f6 13. Nxd5 Bxd5 14. dxc5 {½-½ (14) Herraiz Hidalgo,H (2458)-Mirzoev,A (2522) Elgoibar 2002}) ({RR} 11. e3 Rc8 12. Rc1 Ba6 13. Nxd5 exd5 14. Re1 c4 15. Nd2 Bb4 16. Bc3 Bxc3 17. Rxc3 Nf6 18. bxc4 Bxc4 19. Nxc4 b5 20. Ra3 bxc4 21. Rxa7 Ra8 22. Rxa8 Qxa8 23. Qc2 Rb8 24. e4 Nxe4 25. Bxe4 dxe4 {Ziegenfuss,A (2214)-Heinemann,J (2303) Augsburg GER 2024 ½-½ (60)}) 11... cxd4 12. Nxd4 Rc8 $146 ({RR} 12... Nc5 13. Nxc5 Bxc5 14. a3 a5 15. e3 Rc8 16. Qe2 Qe7 17. h4 Rfd8 18. Rfd1 Qf8 19. h5 h6 20. Rd2 Be7 21. Rc2 Rxc2 22. Qxc2 Rc8 23. Qd3 Qd8 24. Rd1 Qc7 25. Bh3 Nf6 26. Qe2 Rd8 27. g4 {Wagner,D (2263)-Ghukasyan,S (2054) Moscow 2015 ½-½ (61)}) 13. e4 N5f6 14. Qe2 a6 15. Rfd1 Qc7 16. e5 Nd5 17. Nf5 exf5 18. Bxd5 Bxd5 19. Rxd5 b5 20. Rad1 Rcd8 21. e6 Nf6 22. Bxf6 Bxf6 23. Nc5 Rxd5 24. Rxd5 Qc6 25. Rxf5 Re8 26. exf7+ Kxf7 27. Qf3 Qxf3 28. Rxf3 a5 29. Re3 Rc8 30. Ne4 Rc1+ 31. Kg2 Rc2 32. a3 a4 33. Nd6+ Kg6 34. Nxb5 axb3 35. Rxb3 Ra2 36. Nc3 Ra1 37. Nd5 Bd4 38. Rd3 Bc5 39. Nf4+ Kf7 40. Rd7+ Ke8 41. Rxg7 Ra2 42. Nd3 Bxa3 43. Rxh7 1-0

[Event "Titled Tue 28th Mar Late"]
[Site "chess.com INT"]
[Date "2023.03.28"]
[Round "1"]
[White "Anton Guijarro, D."]
[Black "Rodshtein, M."]
[Result "1-0"]
[WhiteElo "2685"]
[BlackElo "2622"]
[PlyCount "107"]
[EventDate "2023.03.28"]

1. Nf3 Nf6 2. b3 d5 3. Bb2 e6 4. c4 Be7 5. g3 O-O 6. Bg2 c5 7. cxd5 Nxd5 8. O-O Nc6 9. d4 cxd4 10. Nxd4 Nxd4 11. Qxd4 Bf6 12. Qd2 Bxb2 13. Qxb2 Qf6 14. Qxf6 Nxf6 15. Na3 Rb8 16. Rac1 Rd8 17. Rc2 $146 ({RR} 17. Rfd1 Rxd1+ 18. Rxd1 Bd7 19. Nc4 Kf8 20. Nd6 Bc6 21. Bxc6 bxc6 22. Nc4 Ke7 23. f3 Nd5 24. Ne5 Rc8 25. Rc1 c5 26. Kf2 Nb4 27. a3 Na6 28. b4 f6 29. Nd3 c4 30. Nc5 Nxc5 31. Rxc4 Ne4+ {Heinrich,J (2237)-Dreelinck,J (2267) chess.com INT 2024 ½-½ (80)}) 17... b6 18. Rfc1 Ba6 19. Kf1 Rd7 20. Ke1 g5 21. Nc4 Bxc4 22. Rxc4 Rbd8 23. h3 Kg7 24. Rc7 Rxc7 25. Rxc7 Rd7 26. Rc8 h6 27. e3 Rd6 28. Ke2 a5 29. a3 Nd7 30. Rd8 Kf6 31. b4 axb4 32. axb4 Ke7 33. Rh8 e5 34. g4 Nf8 35. Be4 Rf6 36. Bf5 Rd6 37. Kf3 Nd7 38. Bxd7 Kxd7 39. Ke4 Re6 40. b5 Kd6 41. Rc8 Ke7 42. Rc7+ Kf6 43. Rd7 Kg7 44. f3 Kf6 45. Rd5 Re7 46. Rd6+ Kg7 47. Rxb6 Rc7 48. Rc6 Ra7 49. b6 Ra3 50. Kd5 Rxe3 51. Rc5 Rb3 52. Kc6 Kf6 53. b7 Rc3 54. Rxc3 1-0

[Event "Titled Tue 28th Mar Late"]
[Site "chess.com INT"]
[Date "2023.03.28"]
[Round "4"]
[White "Anton Guijarro, D."]
[Black "Bartel, Mat"]
[Result "1-0"]
[WhiteElo "2685"]
[BlackElo "2609"]
[PlyCount "97"]
[EventDate "2023.03.28"]

1. Nf3 d5 2. c4 d4 3. b4 g5 4. h3 a5 5. b5 h6 6. d3 Bg7 7. g3 b6 $146 ({RR} 7... Nf6 8. Ba3 O-O 9. Bg2 Re8 10. h4 g4 11. Nfd2 Ra7 12. Ne4 Nxe4 13. Bxe4 f5 14. Bg2 b6 15. c5 e5 16. c6 Be6 17. Nd2 a4 18. Qc2 Ra5 19. Rb1 Bf7 20. O-O Qf6 21. Nc4 Ra7 22. e3 {Mekhitarian,K (2554)-Martinez Ramirez,L (2450) chess.com INT 2024 1-0 (52)}) 8. Bg2 Bb7 9. Nbd2 Nd7 10. a4 e5 11. Nb3 Ne7 12. O-O Rb8 13. Ba3 O-O 14. Rc1 c5 15. e3 Re8 16. Re1 Ng6 17. Nh2 Bxg2 18. Kxg2 f5 19. Qh5 Qf6 20. e4 Rf8 21. exf5 Qxf5 22. Qf3 Qxf3+ 23. Nxf3 Rf7 24. Nbd2 Rbf8 25. Re2 Bf6 26. Rce1 Bd8 27. Nh2 h5 28. Bc1 Be7 29. Ne4 Rf5 30. Rf1 Kg7 31. Rfe1 Kg8 32. Nd2 Kg7 33. Ndf3 Bd8 34. g4 hxg4 35. hxg4 Nf4+ 36. Bxf4 Rxf4 37. Re4 Rxe4 38. Rxe4 Nf6 39. Re2 Re8 40. Rxe5 Rxe5 41. Nxe5 Bc7 42. Nhf3 Bxe5 43. Nxe5 Kh6 44. Kg3 Kg7 45. f4 gxf4+ 46. Kxf4 Kf8 47. g5 Nh5+ 48. Kg4 Ke7 49. Kxh5 1-0

[Event "Titled Tue 28th Mar Late"]
[Site "chess.com INT"]
[Date "2023.03.28"]
[Round "4"]
[White "Terry, R."]
[Black "Vachier Lagrave, M."]
[Result "1-0"]
[WhiteElo "2520"]
[BlackElo "2736"]
[PlyCount "203"]
[EventDate "2023.03.28"]

1. Nf3 d5 2. e3 c6 3. b3 g6 4. Bb2 Nf6 5. c4 Bg7 6. Be2 O-O 7. O-O Bg4 8. h3 Bxf3 9. Bxf3 Nbd7 ({RR} 9... Re8 10. d4 e6 11. Nc3 a5 12. Qc2 Na6 13. Rfd1 Qe7 14. a3 Rab8 15. Rac1 b5 16. Ne2 Nd7 17. cxd5 cxd5 18. Nf4 b4 19. a4 Nb6 20. Qe2 Qa7 21. Nd3 Nd7 22. Rc6 Rec8 23. Rdc1 Rxc6 24. Rxc6 {Carlsen,M (2831)-Vachier Lagrave,M (2731) Oslo NOR 2024 1-0 (51)}) 10. d3 e6 11. Nd2 Qc7 $146 ({RR} 11... Qe7 12. Rc1 Rfd8 13. Qc2 Rac8 14. Rfd1 Ne8 15. Bxg7 Kxg7 16. Be2 Qf6 17. d4 Nd6 18. Qb2 Qe7 19. Nf3 Nf6 20. Nd2 Nde4 21. Bd3 Nxd2 22. Qxd2 e5 23. cxd5 Rxd5 24. dxe5 Qxe5 25. Qe2 Rcd8 26. Bc4 {Chen,J (2247)-Shetty,A (2437) Chess.com INT 2020 1-0 (53)}) ({RR} 11... a5 12. cxd5 exd5 13. a3 Qe7 14. Be2 Rfe8 15. Qc2 Qc5 16. Rfc1 Qxc2 17. Rxc2 a4 18. b4 h5 19. Nf3 Nh7 20. Bxg7 Kxg7 21. Nd4 Ng5 22. h4 Ne6 23. Nxe6+ Rxe6 24. d4 f5 25. b5 Rae8 26. Rac1 {Zhauynbay Aldiyar (2109)-Meruga,S (1985) chess.com INT 2025 1-0 (49)}) 12. Qc2 Rfd8 13. Rfd1 a5 14. a3 Qd6 15. Rac1 h5 16. Be2 b5 17. cxb5 cxb5 18. Qc6 Qb8 19. d4 b4 20. a4 Rc8 21. Qb5 Qa7 22. g3 Bf8 23. Kg2 Kg7 24. Bd3 Ne8 25. Be2 Nd6 26. Qd3 Nf6 27. Bf3 Qb7 28. Kh2 Nfe4 29. Kg2 Ng5 30. Be2 Be7 31. f3 Nh7 32. g4 hxg4 33. hxg4 Nf6 34. Rh1 Rxc1 35. Bxc1 Rc8 36. Bb2 Rc7 37. Rc1 Rxc1 38. Bxc1 Qc8 39. Bb2 Nd7 40. Bd1 Bg5 41. Nf1 Nf6 42. Qc2 Qa6 43. Be2 Qa8 44. Qc7 Nfe8 45. Qc5 Be7 46. Ng3 Kf8 47. Qc1 Qb7 48. Bd3 Bg5 49. Nf1 Kg8 50. Qc5 Bd8 51. Qc2 Bb6 52. Qc1 Qe7 53. Ng3 Bc7 54. Ne2 Qg5 55. e4 Qxc1 56. Bxc1 dxe4 57. fxe4 Bb6 58. Bf4 Nc8 59. Kf3 Ne7 60. Be3 Nd6 61. Bf4 Ne8 62. Bb5 Nc7 63. Bc4 Nc6 64. Be3 Kg7 65. e5 Ne7 66. Ke4 Ncd5 67. Bd2 f6 68. exf6+ Nxf6+ 69. Kf3 Ned5 70. Bg5 Nh7 71. Bd2 Kf7 72. Nf4 Nhf6 73. Ne2 Ne8 74. Bc1 Nd6 75. Bd3 Ne7 76. Bd2 Ne8 77. Be3 Nf6 78. Bc4 Ned5 79. Bd2 Nd7 80. Bg5 Nb8 81. Bh4 Nc6 82. Bf2 g5 83. Bb5 Nce7 84. Bc4 Kf6 85. Ng3 Nc3 86. Ne4+ Nxe4 87. Kxe4 Nc8 88. Bg3 Ne7 89. Be5+ Kf7 90. d5 exd5+ 91. Bxd5+ Kg6 92. Bd6 Nc8 93. Be5 Ne7 94. Bb7 Kf7 95. Bg3 Ke6 96. Ba6 Kf6 97. Be5+ Ke6 98. Bc4+ Kd7 99. Bf6 Nc8 100. Bxg5 Nd6+ 101. Kd5 Ne8 102. Bb5+ 1-0

[Event "Titled Tue 28th Mar Late"]
[Site "chess.com INT"]
[Date "2023.03.28"]
[Round "5"]
[White "Svane, R."]
[Black "Terry, R."]
[Result "1-0"]
[WhiteElo "2620"]
[BlackElo "2520"]
[PlyCount "89"]
[EventDate "2023.03.28"]

1. Nf3 b6 2. g3 Bb7 3. Bg2 c5 4. O-O g6 5. d4 cxd4 6. Qxd4 Nf6 7. c4 Bg7 8. Nc3 O-O 9. Qh4 d6 10. Rd1 Nbd7 11. Be3 Rc8 12. Rac1 Re8 ({RR} 12... a6 13. b3 Rc7 14. Bh3 h5 15. Bd4 Nc5 16. Nd5 Bxd5 17. cxd5 a5 18. Bg2 Qd7 19. Nd2 Qg4 20. Qxg4 Nxg4 21. Bxg7 Kxg7 22. Nc4 Nd7 23. h3 Ngf6 24. Nd2 Rc5 25. Rxc5 bxc5 26. Nc4 Ra8 27. a4 {Svane,R (2624)-Mitrabha,G (2509) chess.com INT 2025 1-0 (74)}) 13. b3 a6 14. Bh3 Rc7 15. Bd4 $146 ({RR} 15. g4 Ne4 16. Nxe4 Bxe4 17. Ng5 Ba8 18. Qxh7+ Kf8 19. Ne6+ fxe6 20. Bh6 Bxh6 21. Qxh6+ Kg8 22. Qxg6+ Kh8 23. g5 Nf8 24. Qh6+ Kg8 25. g6 Be4 26. Bxe6+ {1-0 (26) Konopka,M (2447)-Talla,V (2419) Havlickuv Brod 2008}) 15... Qb8 16. Nd5 Bxd5 17. cxd5 Rec8 18. Rxc7 Rxc7 19. a4 h6 20. Bxd7 Rxd7 21. Bxf6 exf6 22. Rc1 b5 23. Rc6 Qb7 24. axb5 Qxb5 25. Qc4 f5 26. Qxb5 axb5 27. Rb6 Kf8 28. Rxb5 Ra7 29. e3 Ra2 30. Kf1 Rb2 31. Rb7 Ke8 32. Ne1 Rb1 33. Ke2 Rb2+ 34. Kf3 Rd2 35. h3 g5 36. g4 fxg4+ 37. hxg4 Bc3 38. b4 Rxd5 39. Nc2 Rd2 40. Na3 d5 41. Nb1 Rc2 42. Rc7 d4 43. exd4 Rb2 44. Nxc3 Rxb4 45. Ke4 1-0

[Event "Titled Tue 28th Mar Late"]
[Site "chess.com INT"]
[Date "2023.03.28"]
[Round "6"]
[White "Terry, R."]
[Black "Wagner, De"]
[Result "1-0"]
[WhiteElo "2520"]
[BlackElo "2586"]
[PlyCount "143"]
[EventDate "2023.03.28"]

1. Nf3 c5 2. b3 d5 3. e3 Nc6 4. Bb5 Bd7 5. Bb2 e6 6. O-O Nf6 7. Bxc6 Bxc6 8. Ne5 Rc8 9. d3 Bd6 ({RR} 9... Nd7 10. Nxc6 Rxc6 11. Nd2 Nf6 12. f4 Bd6 13. Nf3 O-O 14. Ne5 Bxe5 15. fxe5 Nd7 16. Qh5 Qe8 17. Qh4 Qb8 18. Qf4 f6 19. exf6 Qxf4 20. exf4 Nxf6 21. Rae1 d4 22. a4 Nd5 23. Bc1 b6 24. Bd2 {Aronian,L (2764)-Vachier Lagrave,M (2789) Paris 2018 ½-½ (44)}) 10. Nd2 Bxe5 $146 ({RR} 10... O-O 11. f4 Be8 12. Rf3 Nd7 13. Rg3 f6 14. Ng4 Bg6 15. Nf3 Qe8 16. Qd2 c4 17. dxc4 Be7 18. Nd4 Nc5 19. Nxe6 Nxe6 20. Qxd5 Bf7 21. Nxf6+ Bxf6 22. Bxf6 g6 23. Qd2 Ng7 24. Bb2 Be6 25. Qd4 {Sysoenko,A (2256)-Iljin,T (2442) Donetsk 2008 0-1 (70)}) ({RR} 10... O-O 11. f4 Be8 12. Rf3 Bxe5 13. Bxe5 Rc6 14. Rg3 Kh8 15. Qf3 Rg8 16. Rh3 g6 17. g4 Rg7 18. g5 Nh5 19. Nf1 f6 20. gxf6 Nxf6 21. Qg3 Kg8 22. Qh4 Rf7 23. Nd2 Qe7 24. Nf3 Nd7 25. Ng5 {Collins,A (2210)-Chemin,J (2040) chess.com INT 2025 1-0 (36)}) 11. Bxe5 O-O 12. f4 Nd7 13. Bb2 f6 14. Qg4 Qe7 15. Rae1 e5 16. f5 a5 17. a4 Qf7 18. Rf3 d4 19. e4 b5 20. axb5 Bxb5 21. Rh3 Rfe8 22. c4 Bc6 23. Ra1 Ra8 24. Bc1 a4 25. bxa4 Bxa4 26. Qe2 Bd1 27. Qxd1 Rxa1 28. Nb3 Ra6 29. Rg3 Kh8 30. h3 Rb8 31. Qc2 Rab6 32. Nd2 Qh5 33. Rg4 Qh6 34. Nf1 Qh5 35. Nd2 Ra8 36. Nb3 Qe8 37. Kh2 Qb8 38. Nd2 Ra1 39. Qd1 Rb2 40. Rg3 Qf8 41. Nb3 Rxb3 42. Qxb3 Rxc1 43. Qb7 Qd8 44. Rf3 Ra1 45. Rf2 Ra8 46. Qc6 Rc8 47. Qe6 Nf8 48. Qf7 Qe8 49. Qd5 Qd7 50. Rb2 Qxd5 51. exd5 g6 52. g4 gxf5 53. gxf5 Kg7 54. Rb7+ Kh6 55. h4 Rd8 56. Rf7 Nd7 57. Kg3 e4 58. dxe4 Rg8+ 59. Kf2 Ne5 60. Rxf6+ Kh5 61. Re6 Ng4+ 62. Ke2 Ra8 63. d6 Ra2+ 64. Kf3 Nh2+ 65. Kf4 Ng4 66. d7 Rf2+ 67. Kg3 Rf1 68. d8=Q Rg1+ 69. Kf3 Rf1+ 70. Ke2 Rf2+ 71. Ke1 d3 72. Qg5# 1-0

[Event "Bundesliga 2022-23"]
[Site "Berlin GER"]
[Date "2023.04.01"]
[Round "12.1"]
[White "Naiditsch, A."]
[Black "Baldauf, Marc"]
[Result "1-0"]
[WhiteElo "2667"]
[BlackElo "2506"]
[PlyCount "111"]
[EventDate "2022.10.22"]
[WhiteTeam "OSG Baden-Baden"]
[BlackTeam "SF Berlin"]

1. Nf3 Nf6 2. g3 g6 3. Bg2 Bg7 4. O-O c5 5. d3 d5 6. Nbd2 Nc6 7. e4 O-O 8. Re1 e5 9. exd5 Nxd5 10. Nc4 f6 11. c3 Be6 12. d4 $146 ({RR} 12. a4 Rf7 13. a5 Rd7 14. Nfd2 Rc8 15. Ne4 Bf8 16. Qa4 Kg7 17. Qb5 a6 18. Qa4 Qc7 19. Be3 Nxe3 20. Rxe3 Rcd8 21. Bf1 Re8 22. Nb6 Rdd8 23. Rae1 Bg8 24. Bg2 Ne7 25. g4 f5 26. Nd2 Nc6 {Rozkov,N (2316)-Bataev,R (2254) Murom 2000 1-0 (46)}) ({RR} 12. a4 Qd7 13. Nfd2 b6 14. Ne4 Rfd8 15. a5 Rab8 16. axb6 axb6 17. h4 h6 18. Qe2 f5 19. Ned2 b5 20. Na5 Nxa5 21. Rxa5 Bf7 22. Ra6 Rb6 23. Ra5 Nf6 24. c4 Ng4 25. Bf3 h5 26. b3 bxc4 {Niemann,H (2688)-Vidit,S (2721) North Richland Hills, TX USA 2024 1-0 (63)}) ({RR} 12. a4 Qc7 13. a5 b5 14. axb6 axb6 15. Rxa8 Rxa8 16. Nfd2 Rb8 17. Na3 Qd7 18. Qa4 Nde7 19. Ndc4 Bd5 20. Bxd5+ Qxd5 21. Rd1 h5 22. Nb5 Kh7 23. h4 Qf3 24. Qc2 {½-½ (24) Korobov,A (2650)-Heimann,A (2556) Baden Baden GER 2025}) 12... Nxc3 13. bxc3 Bxc4 14. Ba3 exd4 15. Bxc5 Re8 16. Rxe8+ Qxe8 17. Nxd4 Rd8 18. Qa4 Bd5 19. Nxc6 Qxc6 20. Qxc6 Bxc6 21. Bxc6 bxc6 22. Bxa7 f5 23. Bb6 Ra8 24. Bd4 Bxd4 25. cxd4 Ra4 26. Rc1 Rxa2 27. Rxc6 Ra4 28. d5 Rd4 29. Rc5 h5 30. Kg2 Kf7 31. Kf3 g5 32. Ke3 Rd1 33. h4 gxh4 34. gxh4 Kf6 35. f3 Ke5 36. d6+ Kxd6 37. Rxf5 Ke6 38. Rxh5 Kf6 39. Kf4 Ra1 40. Rh6+ Kg7 41. Rc6 Ra4+ 42. Kg5 Ra5+ 43. Kg4 Ra1 44. h5 Ra4+ 45. f4 Ra1 46. Re6 Rg1+ 47. Kf5 Ra1 48. Rg6+ Kh7 49. Kg5 Rg1+ 50. Kf6 Ra1 51. f5 Ra6+ 52. Kg5 Ra1 53. Rh6+ Kg8 54. Rd6 Rg1+ 55. Kf6 Ra1 56. Ke7 1-0

[Event "Bundesliga 2022-23"]
[Site "Munich GER"]
[Date "2023.04.02"]
[Round "13.6"]
[White "Bluebaum, M."]
[Black "L'Ami, E."]
[Result "1-0"]
[WhiteElo "2647"]
[BlackElo "2617"]
[PlyCount "77"]
[EventDate "2022.10.22"]
[WhiteTeam "Schachfreunde Deizisau"]
[BlackTeam "SG Solingen"]

1. Nf3 c5 2. e3 Nf6 3. d4 e6 4. Bd3 b6 5. O-O Bb7 6. c4 Be7 7. Nc3 d5 8. cxd5 Nxd5 9. e4 Nxc3 10. bxc3 O-O 11. Qe2 Nc6 12. Bb2 Rc8 13. a3 $146 ({RR} 13. Rad1 cxd4 14. cxd4 Nb4 15. d5 exd5 16. exd5 Nxd3 17. Qxd3 Bf6 18. Bxf6 Qxf6 19. Rfe1 Rfd8 20. d6 Bxf3 21. gxf3 Qg5+ 22. Kh1 Rd7 23. Qe4 h6 24. Rd5 Qf6 25. Red1 Rcd8 26. Qd3 Qg6 {½-½ (26) Willinger,T (2146)-Astrom,G (2256) Sweden 2018}) 13... Re8 14. Rad1 Bf8 15. h4 Qc7 16. h5 e5 17. d5 Na5 18. Bb5 Red8 19. c4 f6 20. Nd2 Bd6 21. h6 Rb8 22. f4 Bc8 23. fxe5 Bxe5 24. Bxe5 Qxe5 25. hxg7 Rb7 26. Ba6 Rxg7 27. Bxc8 Rxc8 28. Rf5 Qd4+ 29. Rf2 Re8 30. Re1 Rg6 31. Nf3 Qxc4 32. Qd1 Nb7 33. d6 Qe6 34. e5 Rd8 35. exf6 Qxd6 36. Qb3+ Kh8 37. Ne5 Rxf6 38. Nf7+ Rxf7 39. Qxf7 1-0

[Event "St Louis Spring B"]
[Site "Saint Louis USA"]
[Date "2023.04.06"]
[Round "2.1"]
[White "Mikhalevski, V."]
[Black "Batsuren, Dambasuren"]
[Result "1-0"]
[WhiteElo "2515"]
[BlackElo "2525"]
[PlyCount "79"]
[EventDate "2023.04.05"]

1. Nf3 Nf6 2. g3 b5 3. Bg2 Bb7 4. O-O e6 5. b3 c5 6. c4 a6 7. Nc3 Qb6 8. e3 Be7 9. d4 O-O 10. d5 exd5 11. cxd5 d6 12. e4 ({RR} 12. Nh4 Re8 13. Nf5 Bf8 14. g4 Bc8 15. e4 Qa5 16. Bb2 b4 17. Na4 Nxe4 18. Re1 Bxf5 19. gxf5 Nf6 20. Bxf6 Rxe1+ 21. Qxe1 gxf6 22. Qe8 Qb5 23. Re1 Ra7 24. Bf1 Qxe8 25. Rxe8 Nd7 26. f4 Rb7 {Ghosh,D (2568)-Shah,M (1809) Gurugram IND 2024 1-0 (61)}) 12... Nbd7 13. Bb2 Rfe8 14. Qc2 $146 ({RR} 14. Nd2 Ne5 15. Qe2 Rac8 16. a4 c4 17. axb5 axb5 18. bxc4 Nxc4 19. Nxc4 Rxc4 20. Rfb1 Bf8 21. Qf1 Qc5 22. Ra5 Qc8 23. Qd3 b4 24. Na4 Nd7 25. Ra7 Rc7 26. Qb5 Qb8 27. Bd4 Nc5 28. Rxb4 Qxa7 {Msellek,I (2334)-Fedorchuk,S (2616) Paris 2021 1-0 (48)}) 14... Bf8 15. Rfe1 g6 16. h3 Bg7 17. a4 Nh5 18. Kh2 b4 19. a5 Qd8 20. Nd1 Nhf6 21. Re2 Rc8 22. Bf1 h5 23. Kg1 Qe7 24. h4 Ng4 25. Bxg7 Kxg7 26. Ng5 Nde5 27. Nb2 Qf6 28. Rc1 Nf3+ 29. Nxf3 Qxf3 30. Nc4 Qf6 31. Bg2 Ne5 32. Nb6 Rc7 33. Rce1 Nd7 34. Nc4 Ne5 35. Nb6 Nd7 36. Nxd7 Rxd7 37. e5 dxe5 38. Qxc5 Rc8 39. Qxb4 Bxd5 40. Rxe5 1-0

[Event "Armageddon Asia&Oceania W"]
[Site "Berlin GER"]
[Date "2023.04.04"]
[Round "1.2"]
[White "Abdusattorov, Nodirbek"]
[Black "Vidit, S."]
[Result "1-0"]
[WhiteElo "2731"]
[BlackElo "2731"]
[PlyCount "151"]
[EventDate "2023.04.04"]
[EventType "k.o."]

1. Nf3 c5 2. g3 Nc6 3. Bg2 g6 4. c4 Bg7 5. O-O d6 6. Nc3 e6 7. e3 Nge7 8. d4 O-O 9. Re1 b6 ({RR} 9... Rb8 10. b3 cxd4 11. Nxd4 Nxd4 12. exd4 Nf5 13. Be3 Nxe3 14. Rxe3 a6 15. Rc1 Bh6 16. f4 Bg7 17. Rd3 b6 18. Qd2 Bd7 19. h4 Qe7 20. Kh2 Rfc8 21. a4 Be8 22. Re1 b5 23. axb5 axb5 24. Nxb5 {Carlsen,M (2835)-Svidler,P (2737) St Petersburg 2018 1-0 (37)}) 10. b3 Bb7 ({RR} 10... Rb8 11. Bb2 Bb7 12. Qd2 cxd4 13. exd4 d5 14. cxd5 Nxd5 15. Ba3 Re8 16. Ne4 a5 17. Nd6 Re7 18. Nxb7 Rexb7 19. Ne5 Rc7 20. Rac1 Rbc8 21. Bb2 Ncb4 22. Rxc7 Rxc7 23. Nc4 b5 24. Bxd5 Qxd5 25. Ne3 {Montiel Caceres,H (2055)-Sala,G (2159) Florianopolis BRA 2024 1-0 (47)}) 11. Bb2 Nf5 12. Ne2 $146 ({RR} 12. d5 exd5 13. Qxd5 Qe7 14. Qd2 Ne5 15. Nxe5 dxe5 16. Bxb7 Qxb7 17. Nd5 Rad8 18. Rad1 Ne7 19. e4 Nc6 20. Rf1 f5 21. f3 Nd4 22. Bxd4 exd4 23. exf5 Rxf5 24. Rde1 Rf7 25. Qd3 b5 26. Re2 bxc4 {Hopfgartner,H (2010)-Lezzerini,M (2162) Arco ITA 2023 0-1}) 12... Qe7 13. Qd2 Rfd8 14. d5 exd5 15. Bxg7 Kxg7 16. cxd5 Ne5 17. e4 Nh6 18. Nxe5 dxe5 19. a4 a6 20. Nc1 f6 21. Nd3 a5 22. Bh3 Nf7 23. f4 Ba6 24. Rad1 Ra7 25. Be6 Bxd3 26. Qxd3 Nh6 27. fxe5 fxe5 28. Rf1 Qd6 29. Qc3 Re7 30. Rd3 Nf7 31. Bxf7 Rxf7 32. Rxf7+ Kxf7 33. Rf3+ Kg7 34. Kg2 Qe7 35. Qd2 Rd6 36. Qf2 h5 37. h4 Rd8 38. Qf1 Rc8 39. Qa6 Qc7 40. d6 Qd7 41. Qxb6 Rc6 42. Qb8 Rc8 43. Qb6 c4 44. Rc3 Qg4 45. Rxc4 Rf8 46. Qe3 Qd1 47. Rc7+ Kg8 48. Rc1 Qxd6 49. Rf1 Rc8 50. Rf2 Kg7 51. Qa7+ Kh6 52. Qxa5 Qd4 53. Qd5 Qc3 54. Qd2+ Qxd2 55. Rxd2 Rb8 56. Rb2 Kg7 57. b4 Kf6 58. b5 Ke6 59. b6 Kd6 60. a5 Kc6 61. Kf3 Kb7 62. Rc2 Rf8+ 63. Ke3 Ka6 64. Rc5 Re8 65. Rd5 Re6 66. Kd3 Rf6 67. Rxe5 Rf3+ 68. Kd4 Rxg3 69. Re8 Rb3 70. Ra8+ Kb7 71. Ra7+ Kc6 72. Kc4 Rb1 73. Rc7+ Kd6 74. Rg7 Rc1+ 75. Kb5 Rb1+ 76. Ka6 1-0